Microwave component mechanics / (Record no. 60589)

000 -LEADER
fixed length control field 01157cam a2200301 a 4500
001 - CONTROL NUMBER
control field 13021323
003 - CONTROL NUMBER IDENTIFIER
control field NUST-PNEC
005 - DATE AND TIME OF LATEST TRANSACTION
control field 20170116180702.0
008 - FIXED-LENGTH DATA ELEMENTS--GENERAL INFORMATION
fixed length control field 021205s2003 maub b 001 0 eng
010 ## - LIBRARY OF CONGRESS CONTROL NUMBER
LC control number 2002043667
020 ## - INTERNATIONAL STANDARD BOOK NUMBER
International Standard Book Number 158053368X
040 ## - CATALOGING SOURCE
Original cataloging agency DLC
Transcribing agency PNEC
Modifying agency DLC
042 ## - AUTHENTICATION CODE
Authentication code pcc
050 00 - LIBRARY OF CONGRESS CALL NUMBER
Classification number TK7876
Item number .E85 2003
082 00 - DEWEY DECIMAL CLASSIFICATION NUMBER
Classification number 621.38133 ESK
100 1# - MAIN ENTRY--PERSONAL NAME
Personal name Eskelinen, Harri.
245 10 - TITLE STATEMENT
Title Microwave component mechanics /
Statement of responsibility, etc. Harri Eskelinen, Pekka Eskelinen.
260 ## - PUBLICATION, DISTRIBUTION, ETC.
Place of publication, distribution, etc. Boston, MA :
Name of publisher, distributor, etc. Artech House,
Date of publication, distribution, etc. c2003.
300 ## - PHYSICAL DESCRIPTION
Extent xix, 368 p. :
Other physical details ill. ;
Dimensions 24 cm.
440 #0 - SERIES STATEMENT/ADDED ENTRY--TITLE
Title Artech House microwave library
500 ## - GENERAL NOTE
General note http://www.amazon.com/Microwave-Component-Mechanics-Artech-Library/dp/158053368X/ref=sr_1_1?s=books&ie=UTF8&qid=1410432864&sr=1-1&keywords=158053368X
504 ## - BIBLIOGRAPHY, ETC. NOTE
Bibliography, etc. note Includes bibliographical references and index.
650 #0 - SUBJECT ADDED ENTRY--TOPICAL TERM
Topical term or geographic name entry element Microwave devices
General subdivision Design and construction. - ME
700 1# - ADDED ENTRY--PERSONAL NAME
Personal name Eskelinen, Pekka.
906 ## - LOCAL DATA ELEMENT F, LDF (RLIN)
a 7
b cbc
c orignew
d 1
e ocip
f 20
g y-gencatlg
942 ## - ADDED ENTRY ELEMENTS (KOHA)
Source of classification or shelving scheme
Koha item type Book
Holdings
Withdrawn status Lost status Source of classification or shelving scheme Damaged status Not for loan Permanent Location Current Location Date acquired Source of acquisition Cost, normal purchase price Total Checkouts Full call number Barcode Date last seen Cost, replacement price Price effective from Koha item type
          Pakistan Navy Engineering College (PNEC) Pakistan Navy Engineering College (PNEC) 04/02/2005 Pak Book Corporation 7799.00   621.38133 ESK PNECLIB-027126 09/11/2014 7799.00 04/02/2005 Book
© 2023 Central Library, National University of Sciences and Technology. All Rights Reserved.